00651nam a22001817a 450000500170000000800410001704100080005804400070006608200170007310000200009024500720011026000990018230000260028150000430030750400370035065000510038765000310043820140912151905.0140912b2013 uy ||||| |||| 00| 0 spa d aspa auy a327.0982bx11 aXalma, Cristina10aGenerando indicadores para la cooperación sur-surcCristina Xalma aMontevideo, bPrograma Iberoamericano para el fortalecimiento de a cooperación sur-surc2013 a40 p.btablasc28 cm. aDocumento de trabajo No. 4, año 2013 aBibliografía en la página 40 6aCooperación internacionalzAmérica del Sur 6aRelaciones internacionales